000 00695nam a2200217Ia 4500
008 241004s9999 xx 000 0 und d
020 _a9781138584747
037 _aTextbook
040 _aARTS
_beng
_cARTS
041 _aeng
_2eng
084 _aY:45:610bS R2
_qARTS
100 _aJulian Roberta Au.; Howes Loene Au.; White Rob Au.
_9724612
245 _aCritical forensic studies
_cJulian Roberta Au.; Howes Loene Au.; White Rob Au.
260 _aUK
_b Routledge
_c2021
300 _axiv,299p.
365 _aUKP
_b32.99
490 _aGlobla issues in crime and justice
650 _aSociology Crime
_9722865
942 _cTB
_hY:45:610bS R2
999 _c1218755
_d1218755